000 06063nam a22006017a 4500
008 090122t xxu||||| |||| 00| 0 eng d
010 _aB-358847
020 _a9788184510270
_c75.00
035 _aB-358847
035 _aB-343875-900
037 _bBlueberry Books
040 _adpl
_bEnglish
082 _a030
245 _aHow many feathers does a bird have?:
_bcompiled by Ruchi Batra; illustrated by Kiran and Mohan
_cand other questions about the birds /
260 _aNew Delhi
_bDreamland Publications
_c2008
270 _aJ-128, Kriti Nagar,
_bNew Delhi
_e110015
300 _a31p.:
_bcol. ill.
_c26cm(pbk)
490 _aI want to know about-1
500 _aIncludes index
700 _aBatra, Ruchi
700 _aKiran
700 _aMohan
942 _2ddc
_cCH
_mHOW
_h030
999 _c22224
_d22224